Analecta Ordinis Minorum Capuccinorum

Збережено в:
Бібліографічні деталі
Автор: Lisle-en-Rigault, Venantii a (autor)
Формат: Книга
Мова:Латинська
Опубліковано: Roma Curia Generalitia 1917
Редагування:1a. ed
Предмети:
Теги: Додати тег
Немає тегів, Будьте першим, хто поставить тег для цього запису!

MARC

LEADER 00000cam a2200000 a 4500
001 UCD1811
003 CL-VaPUC
008 160331e19170000it |||||||||||||||||lat|d
082 0 4 |a 271.3083  |b LIS  |2 21 
100 |a Lisle-en-Rigault, Venantii a  |e autor  |9 584962 
245 1 0 |a Analecta Ordinis Minorum Capuccinorum 
250 |a 1a. ed 
300 |a v 
942 |c BK 
945 |d 20160331 23:10:00  |a dcastane 
260 |a Roma  |b Curia Generalitia  |c 1917 
650 7 |a ORDEN FRANCISCANA MENDICANTE  |2 CL-VaPUC  |9 584963 
650 7 |a FRANCISCANOS CAPUCHINOS  |2 CL-VaPUC  |9 535596 
583 |a last modification  |c 20160331 23:10:00  |k Rodrigo Vera 
999 |c 363049  |d 363047 
952 |0 0  |1 0  |3 erd  |4 0  |6 271_308300000000000_LIS_1917  |7 0  |8 P  |9 474776  |a BIBTEO  |b BIBTES  |c TEO_FTES  |h v.33-34  |i 5278880  |o 271.3083 LIS 1917  |p 5278880  |r 2024-01-18  |w 2019-11-24  |y BK  |z Catalogado en:20160331  |k ICR 
952 |0 0  |1 0  |3 erd  |4 0  |6 271_308300000000000_LIS_1917  |7 0  |8 P  |9 474777  |a BIBTEO  |b BIBTES  |c TEO_FTES  |h v.35-36  |i 5278899  |o 271.3083 LIS 1917  |p 5278899  |r 2024-01-18  |w 2019-11-24  |y BK  |z Catalogado en:20160331  |k ICR 
952 |0 0  |1 0  |3 erd  |4 0  |6 271_308300000000000_LIS_1917  |7 0  |8 P  |9 474778  |a BIBTEO  |b BIBTES  |c TEO_FTES  |h v.39-40  |i 5278902  |o 271.3083 LIS 1917  |p 5278902  |r 2024-01-18  |w 2019-11-24  |y BK  |z Catalogado en:20160331  |k ICR 
952 |0 0  |1 0  |3 erd  |4 0  |6 271_308300000000000_LIS_1917  |7 0  |8 P  |9 474779  |a BIBTEO  |b BIBTES  |c TEO_FTES  |h v.41-42  |i 5278910  |o 271.3083 LIS 1917  |p 5278910  |r 2024-01-18  |w 2019-11-24  |y BK  |z Catalogado en:20160331  |k ICR